000 00337nam a2200109Ia 4500
008 171211s9999 xx 000 0 und d
245 _aMicroeconomics (McGraw-Hill Series Economics)
245 _cPaul A. Samuelson and William D. Nordhaus
260 _c2009
650 _xEconomics
856 _uhttp://down.ebook777.com/064/0073344230.pdf
999 _c348102
_d348102